| 000 | 00777nac a22002171u 4500 | ||
|---|---|---|---|
| 010 | _a 87007703 | ||
| 020 | _a0029497302 | ||
| 082 | 0 | 0 |
_a621.3815324 _bN273 |
| 090 |
_c4426 _d4426 |
||
| 100 | _aNatarajan, Sundaram. | ||
| 245 | 1 | 0 |
_aTheory and design of linear active networks / _cSundaram Natarajan. |
| 260 |
_aNew York : _bMacmillan,1987 _cc1987. |
||
| 300 |
_axiii, 508 p. : _bill. ; _c25 cm. |
||
| 500 | _aIncludes index. | ||
| 504 | _aBibliography: p. 503-504. | ||
| 650 | 0 | _aElectric filters, Active | |
| 650 | 0 | _aElectric circuits, Linear. | |
| 650 | 0 | _aElectric networks, Active. | |
| 942 |
_cBB _k621.3815324N273 |
||
| 999 |
_c4426 _d4426 |
||